Parks and Recreation Trivia Quiz Stats

 Plays Quiz not verified by Sporcle

Challenge
Share
Tweet
Embed
Score 0/50 Timer 10:00
0 Plays Today
Clue Answer % Correct
Ron got shot in the head by this personTom Haverford
69.8%
The name of Tom's alcoholic drinkSnake Juice
64.8%
The name of the winter sports complex Ben built when he was mayorIce Town
64.8%
The date April thought did not existMarch 31st
59.1%
What Andy replies after April tells him she loves him'Dude, shut up! That is awesome sauce!'
58%
Where Ron, Tom, Jerry, April and Andy get stuck at during the Harvest FestivalFerris wheel
54.4%
Title of the song Andy wrote as a tribute to Li'l Sebastian at his funeral5,000 Candles in the Wind
51.9%
Gay bar in PawneeThe Bulge
51.3%
The three people that have fallen into the pit, in orderAndy, Leslie, Mark
49%
Leslie tried to stop Jessica Wicks from tearing down a _____.gazebo
47.2%
April's middle name (April ____ Ludgate)Roberta
44.7%
Strip club in PawneeThe Glitter Factory
44.7%
Andy poses as this member of the FBIBert Macklin
44.5%
The air in Eagleton smells like this due to the cupcake factory located thereVanilla
44.3%
Basketball player invited to Leslie's telethonDetlef Schrempf
42.1%
The nickname Tom gives to forksFood rakes
41.9%
Joan Callamezzo's TV showPawnee Today
41%
Finish Jerry's line: 'My ____ are full of mouth today.'marbles
39.5%
Tom's knockoff of 'The Newlywed Game''Know Ya Boo'
38.3%
This is where Jerry and his wife have a timeshare atMuncie, Indiana
38.2%
Jerry's wifeGayle
38.1%
Tom's dressed up as this rapper for Ann's Halloween partyT-Pain
37.9%
Hosts of a Pawnee radio programCrazy Ira and the Douche
37%
This STD affects 100% of Jan CoopersChlamydia
36.3%
April's sisterNatalie Ludgate
35%
Clue Answer % Correct
President of SweetumsNick Newport, Sr.
34.4%
Title of the song Andy's band played during the telethon'Sex Hair'
31.3%
The game Andy, Mark and April were playing at Ann's houseRock Band 2
27.3%
The store in which April drove a lawn mower throughNordstrom
26.3%
She's the Iron [Bleep] of PawneeMarlene Griggs-Knope
26%
Donna's favorite kind of cakeBirthday cake
26%
The reason Ron cried for the first time ever, when he was 7 years oldHit by a school bus
25.8%
Title of the song Andy dedicated to Ann while they were dating'Ann'
25.2%
Brand of candy bars Sweetums makesNutriyums
23.4%
The name of the haircut Leslie gets for the banquetThe Mayor
21.5%
April's gay ex-boyfriendDerek
20.3%
Finish Leslie's line: 'Good evening, everyone. I'm Leslie Monster and this is ____.'Nightline
19.2%
Andy's favorite food(s)Andy's Mouth Surprise and butter
18.9%
The name of Donna's brother, who she hatesLeVondrius
18.7%
What Leslie teasingly called Mark for quittingMark Brendana-quits
17.8%
Chris's favorite health food storeGrain n' Simple
17.3%
Local Indian chief of the Wamapoke TribeKen Hotate
17%
Title of the second season finaleFreddy Spaghetti
15.7%
The bed & breakfast where the gang stays at after campingThe Quiet Corn
15.2%
Leslie's rival from EagletonLindsay Carlisle Shay
14%
Ron Swanson would rather work for himChuck E. Cheese
13%
The gift Chris gives Ron on his birthdayKiss on the mouth
11.9%
The third of the series of words Ron types in his typewriter: Rectangle, America, _____, Monday, ButtholeMegaphone
11.6%
Pawnee's sister cityBoraqua, Venezuela
9.1%
The town from where Tom hailsBennettsville, South Carolina
6.4%

You're not logged in!

Compare scores with friends on all Sporcle quizzes.
Join for Free
OR
Log In

You Might Also Like...

Show Comments

Extras

Top Quizzes Today


Score Distribution

Your Account Isn't Verified!

In order to create a playlist on Sporcle, you need to verify the email address you used during registration. Go to your Sporcle Settings to finish the process.

Report this User

Report this user for behavior that violates our Community Guidelines.

Details: